The spirit of Japanese capitalism and selected essays
The theoretical path to the development of capitalism is fundamentally based around the method of profit accumulation; i.e. the process of turning M into M’. In each method, capital increases its influence as a social relation, and it is when the three methods fuse together that capital becomes the...
সংরক্ষণ করুন:
| প্রধান লেখক: | |
|---|---|
| বিন্যাস: | গ্রন্থ |
| ভাষা: | Undetermined |
| প্রকাশিত: |
New York
Madison Books
1992
|
| বিষয়গুলি: | |
| ট্যাগগুলো: |
ট্যাগ যুক্ত করুন
কোনো ট্যাগ নেই, প্রথমজন হিসাবে ট্যাগ করুন!
|
| Thư viện lưu trữ: | Trung tâm Học liệu Trường Đại học Cần Thơ |
|---|
| LEADER | 01031nam a2200205Ia 4500 | ||
|---|---|---|---|
| 001 | CTU_219102 | ||
| 008 | 210402s9999 xx 000 0 und d | ||
| 082 | |a 330.122 | ||
| 082 | |b Y11 | ||
| 100 | |a Yamamoto, Shichihei | ||
| 245 | 4 | |a The spirit of Japanese capitalism and selected essays | |
| 245 | 0 | |c Yamamoto Shichihei ; Translated by Lynne E. Riggs, Takeuchi Manabu ; Introduction by Frank Gibney | |
| 260 | |a New York | ||
| 260 | |b Madison Books | ||
| 260 | |c 1992 | ||
| 520 | |a The theoretical path to the development of capitalism is fundamentally based around the method of profit accumulation; i.e. the process of turning M into M’. In each method, capital increases its influence as a social relation, and it is when the three methods fuse together that capital becomes the dominant social relation, and hence when capitalism appears fully-developed. | ||
| 650 | |a Capitalism,Chủ nghĩa tư bản | ||
| 650 | |z Japan,Nhật Bản | ||
| 904 | |i Qhieu | ||
| 980 | |a Trung tâm Học liệu Trường Đại học Cần Thơ | ||